| 000 | 00385nam a22001697a 4500 | ||
|---|---|---|---|
| 020 | _a978-93-5260-173-8 | ||
| 041 | _aENG | ||
| 082 | _24 | ||
| 100 | _aColin N. Banwell | ||
| 245 | _aFundamentals Of Molecular Spectrosopy | ||
| 250 | _a4 Edition | ||
| 260 |
_aNew Delhi _bMcGraw Hill _c2019 |
||
| 300 | _a308 | ||
| 650 | _aPhysics | ||
| 700 | _aElaine M. Mc csh | ||
| 856 | _uPhysics | ||
| 999 |
_c32 _d32 |
||